| 000 | 00639nam a2200229 a 4500 | ||
|---|---|---|---|
| 001 | 4261205 | ||
| 005 | 20180123035115.0 | ||
| 008 | 841218s1985 dcu b 000 0 eng | ||
| 010 | _a 84043193 | ||
| 020 |
_a0891952152 (pbk.) : _c$5.00 |
||
| 040 |
_aDLC _cDLC _dDLC |
||
| 041 | _aeng | ||
| 043 | _ad------ | ||
| 080 | _a338.91 | ||
| 082 | 0 | 0 |
_a338.91 BIS _219 |
| 100 | 1 | _a19 | |
| 101 | _aSHP | ||
| 245 | 1 | 4 |
_aThe United Nations Development Program : _cby Richard E. Bissell. |
| 504 | _aIncludes bibliographical references. | ||
| 906 |
_a7 _bcbc _corignew _d2 _eocip _f19 _gy-gencatlg |
||
| 942 |
_2ddc _cBK |
||
| 999 |
_c40720 _d40720 |
||